00481nam a22001697a 4500008004100000020002100041100002500062245008000087250001200167260003500179300002900214653001800243700002300261003000100284005001700285040000900302  a0748702938 (pbk)1 aRobinson, Maureen A.10aAnimal types 1 Invertebrates /cMaureen A. Robinson and Judith F. Wiggins. a2nd ed. aCheltenham :bThornes. ,c24cm a111 p. :bill. ;c24 cm.0 aInvertebrates1 aWiggins, Judith F.20230123133230.0 cNUST